[Event "NK Senioren en Veteranen 2018"]
[Site "Dieren, Netherlands"]
[Date "2018.07.14"]
[Round "1"]
[White "Viergever, Max"]
[Black "Van den Berg, Ad"]
[Result "1/2-1/2"]
[WhiteElo "2033"]
[BlackElo "2221"]
[PlyCount "40"]
[EventDate "2018.??.??"]

1. e4 c5 2. c3 e5 3. Nf3 Nc6 4. d4 cxd4 5. cxd4 exd4 6. Nxd4 Nf6 7. Nc3 Bb4 8.
Nxc6 dxc6 9. Qxd8+ Kxd8 10. f3 Be6 11. Bg5 h6 12. Bf4 Ke7 13. Bd3 Rhd8 14. Ke2
Rd7 15. Rhd1 Rad8 16. Be3 b5 17. Bc2 Bd6 18. g3 Be5 19. Rxd7+ Rxd7 20. a4 a6
1/2-1/2

[Event "NK Senioren en Veteranen 2018"]
[Site "Dieren, Netherlands"]
[Date "2018.07.14"]
[Round "1"]
[White "Van Rijn, Anton"]
[Black "Hummel, Joop"]
[Result "1/2-1/2"]
[WhiteElo "2203"]
[BlackElo "2019"]
[PlyCount "71"]
[EventDate "2018.??.??"]

1. d4 d5 2. c4 e6 3. Nf3 Nf6 4. cxd5 exd5 5. Bg5 c6 6. Nc3 Nbd7 7. e3 Be7 8.
Bd3 O-O 9. Qc2 Re8 10. h3 Nf8 11. Ne5 Ne4 12. Bf4 f5 13. g4 Bd6 14. gxf5 Bxf5
15. Nxe4 dxe4 16. Bxe4 Qa5+ 17. Kf1 Bxe4 18. Qxe4 Ng6 19. Kg2 Nxe5 20. dxe5
Bxe5 21. Rhd1 Kh8 22. b4 Qc7 23. Bxe5 Rxe5 24. Qg4 Qe7 25. Rd7 Qf6 26. h4 h5
27. Qd4 Rf8 28. f4 Qg6+ 29. Kf2 Re4 30. Qd3 Rexf4+ 31. exf4 Rxf4+ 32. Ke1 Qg1+
33. Kd2 Rf2+ 34. Ke3 Rf1+ 35. Kd2 Rf2+ 36. Ke3 1/2-1/2

[Event "NK Senioren en Veteranen 2018"]
[Site "Dieren, Netherlands"]
[Date "2018.07.14"]
[Round "1"]
[White "Etmans, Maarten"]
[Black "Overeem, Marc"]
[Result "1-0"]
[WhiteElo "2014"]
[BlackElo "2198"]
[PlyCount "101"]
[EventDate "2018.??.??"]

1. b3 Nf6 2. Bb2 g6 3. Nf3 Bg7 4. e3 O-O 5. Be2 b6 6. O-O Bb7 7. c4 c5 8. d3 d6
9. Nbd2 Nbd7 10. Qc2 a6 11. Rad1 e5 12. Ne1 Qe7 13. Bf3 Bxf3 14. Nexf3 b5 15.
Ne4 Rac8 16. Qd2 b4 17. Nxf6+ Nxf6 18. Qc2 h6 19. Ra1 a5 20. a3 Qb7 21. axb4
axb4 22. Ra2 Ra8 23. Rfa1 Nd7 24. Nd2 Rxa2 25. Rxa2 f5 26. Qd1 Nf6 27. Qa1 Rf7
28. Ra6 Qe7 29. Qa5 h5 30. Qb6 Bf8 31. Qc6 Ng4 32. h3 Nh6 33. Ra8 g5 34. Re8
Qd7 35. Qa8 g4 36. h4 g3 37. f3 Kg7 38. d4 Be7 39. dxe5 dxe5 40. Bxe5+ Bf6 41.
Bxf6+ Rxf6 42. Rd8 Qe7 43. Nf1 f4 44. Qd5 Nf7 45. Rd7 Qe8 46. exf4 Kg8 47. Nxg3
Qe3+ 48. Kh2 Qxf4 49. Qe4 Qb8 50. Rd5 Kf8 51. Rf5 1-0

[Event "NK Senioren en Veteranen 2018"]
[Site "Dieren, Netherlands"]
[Date "2018.07.14"]
[Round "1"]
[White "Vogel, Jaap"]
[Black "Sprinkhuizen, Arno"]
[Result "1-0"]
[WhiteElo "2172"]
[BlackElo "2014"]
[PlyCount "61"]
[EventDate "2018.??.??"]

1. d4 Nf6 2. Nf3 e6 3. c4 c5 4. d5 b5 5. dxe6 fxe6 6. cxb5 a6 7. bxa6 Bxa6 8.
g3 Nc6 9. Bg2 Be7 10. O-O O-O 11. b3 d5 12. Bb2 Qb6 13. Bh3 Bc8 14. Nbd2 c4 15.
e3 cxb3 16. Qxb3 Qa6 17. Rfc1 Bd7 18. Be5 Na5 19. Qd1 Rac8 20. Rxc8 Rxc8 21.
Rc1 Nc6 22. a4 Nxe5 23. Rxc8+ Bxc8 24. Nxe5 Bd6 25. Bf1 Qa5 26. Ndc4 Qc5 27.
Nxd6 Qxd6 28. Qd4 Ne4 29. Bd3 Nc5 30. Qf4 Nxd3 31. Qf7+ 1-0

[Event "NK Senioren en Veteranen 2018"]
[Site "Dieren, Netherlands"]
[Date "2018.07.14"]
[Round "1"]
[White "Jonkman, Fokke"]
[Black "Van Lanen, Toon"]
[Result "0-1"]
[WhiteElo "1964"]
[BlackElo "2161"]
[PlyCount "116"]
[EventDate "2018.??.??"]

1. c4 e5 2. Nc3 Nc6 3. e4 Bc5 4. Nf3 d6 5. Be2 Nge7 6. d3 O-O 7. Be3 Nd4 8. O-O
Nec6 9. Na4 Nxf3+ 10. Bxf3 Bd4 11. Nc3 Rb8 12. Qd2 Be6 13. g3 a6 14. Bg2 Qd7
15. Rac1 Bh3 16. Nd5 Bxg2 17. Kxg2 f5 18. f3 Rbe8 19. b4 Bxe3 20. Qxe3 Nd4 21.
f4 c6 22. Nc3 g6 23. Rf2 b5 24. Ne2 Nxe2 25. Qxe2 bxc4 26. Rxc4 d5 27. Rc5 fxe4
28. dxe4 exf4 29. Qxa6 f3+ 30. Rxf3 Rxf3 31. Kxf3 dxe4+ 32. Ke3 Qd1 33. Qe2
Qg1+ 34. Qf2 Qa1 35. Qc2 Qe1+ 36. Qe2 Qg1+ 37. Qf2 Qd1 38. Qe2 Qb1 39. Qc4+ Kf8
40. Rxc6 Qg1+ 41. Ke2 Qxh2+ 42. Kf1 Qh1+ 43. Ke2 Qf3+ 44. Ke1 Qxg3+ 45. Ke2
Qg4+ 46. Ke1 Qh4+ 47. Ke2 Qg4+ 48. Ke1 Qg3+ 49. Ke2 Qf3+ 50. Ke1 Qe3+ 51. Qe2
Qg5 52. Qf1+ Kg7 53. Qf2 e3 54. Qb2+ Kg8 55. Qb3+ Kf8 56. Qc4 Qg3+ 57. Kd1 e2+
58. Kc2 Qe5 0-1

[Event "NK Senioren en Veteranen 2018"]
[Site "Dieren, Netherlands"]
[Date "2018.07.14"]
[Round "1"]
[White "Schouten, Nico"]
[Black "Erwich, Frans"]
[Result "1-0"]
[WhiteElo "2147"]
[BlackElo "1925"]
[PlyCount "71"]
[EventDate "2018.??.??"]

1. d4 Nf6 2. c4 e6 3. Nc3 c5 4. e3 d5 5. Nf3 Nc6 6. a3 cxd4 7. exd4 Be7 8. Be2
dxc4 9. Bxc4 O-O 10. O-O b6 11. Re1 Bb7 12. Ba2 Rc8 13. Qd3 Re8 14. Bf4 Bf8 15.
Rad1 g6 16. Bg5 Be7 17. Qd2 Nd5 18. Nxd5 Bxg5 19. Nxg5 exd5 20. Rxe8+ Qxe8 21.
Bxd5 Rc7 22. Qf4 Re7 23. h3 Nd8 24. Bxb7 Nxb7 25. d5 h6 26. Nf3 Kh7 27. h4 Nc5
28. h5 Re4 29. hxg6+ fxg6 30. Qc7+ Re7 31. Qf4 Re4 32. Qd2 Re2 33. Qd4 Re4 34.
Qf6 Nd7 35. Qc3 Ne5 36. d6 1-0

[Event "NK Senioren en Veteranen 2018"]
[Site "Dieren, Netherlands"]
[Date "2018.07.14"]
[Round "1"]
[White "Smeets, Pierre"]
[Black "Selten, Jan"]
[Result "1/2-1/2"]
[WhiteElo "1930"]
[BlackElo "2110"]
[PlyCount "79"]
[EventDate "2018.??.??"]

1. d4 e6 2. Nf3 Nf6 3. c3 c5 4. Bg5 h6 5. Bh4 d5 6. e3 Bd6 7. Nbd2 Nbd7 8. Bd3
Qb6 9. Rb1 O-O 10. Bg3 Qc7 11. O-O e5 12. dxe5 Nxe5 13. Nxe5 Bxe5 14. Bxe5 Qxe5
15. Qf3 Bd7 16. Rfe1 Bc6 17. Qg3 Rfe8 18. Qxe5 Rxe5 19. f3 b5 20. Nb3 c4 21.
Nd4 Rc8 22. Bc2 g6 23. Rbd1 Bd7 24. h3 h5 25. Kf2 Kg7 26. Re2 a5 27. a3 b4 28.
axb4 axb4 29. cxb4 Rb8 30. b3 Rxb4 31. bxc4 dxc4 32. e4 Ba4 33. Bxa4 Rxa4 34.
Rc1 Rea5 35. Rec2 Ra2 36. Ne2 Nd7 37. Rxa2 Rxa2 38. Rxc4 Ne5 39. Rd4 g5 40. Rd5
1/2-1/2

[Event "NK Senioren en Veteranen 2018"]
[Site "Dieren, Netherlands"]
[Date "2018.07.14"]
[Round "1"]
[White "Goris, Ton"]
[Black "Perrenet, Jacob"]
[Result "0-1"]
[WhiteElo "1916"]
[BlackElo "2043"]
[PlyCount "116"]
[EventDate "2018.??.??"]

1. e4 Nc6 2. Nf3 Nf6 3. Nc3 d5 4. exd5 Nxd5 5. d4 Bf5 6. a3 e6 7. Bd3 Bg4 8.
Nxd5 Qxd5 9. Be2 Be7 10. h3 Bh5 11. O-O O-O 12. c3 Rad8 13. Bf4 Rd7 14. Ne5
Nxe5 15. Bxe5 Bg6 16. c4 Qc6 17. Qb3 Be4 18. f3 f6 19. Bg3 Bg6 20. Bf2 Bf7 21.
Rfd1 Rfd8 22. Rd3 b6 23. Rad1 Qa8 24. f4 Qe4 25. Bf3 Qxf4 26. Bc6 Rd6 27. Bg3
Qg5 28. Bxd6 Bxd6 29. Rf3 h5 30. Qe3 Qxe3+ 31. Rxe3 Bc5 32. Red3 Bg6 33. R3d2
Rxd4 34. Rxd4 e5 35. Kf1 Bxd4 36. b4 Kf7 37. Ke2 Ke6 38. Kf3 Kd6 39. Be4 f5 40.
Bb1 h4 41. g4 hxg3 42. Kxg3 Bh5 43. Rd2 Ke6 44. Bd3 g5 45. Be2 Be3 46. Rc2 Bg6
47. Ra2 f4+ 48. Kg2 e4 49. Bg4+ Ke5 50. a4 Bf7 51. a5 Bxc4 52. axb6 Bxb6 53.
Rd2 Bd5 54. Rd1 Be3 55. Ra1 f3+ 56. Kg3 Bf4+ 57. Kf2 e3+ 58. Kg1 e2 0-1

[Event "NK Senioren en Veteranen 2018"]
[Site "Dieren, Netherlands"]
[Date "2018.07.15"]
[Round "2"]
[White "Perrenet, Jacob"]
[Black "Vogel, Jaap"]
[Result "0-1"]
[WhiteElo "2043"]
[BlackElo "2172"]
[PlyCount "42"]
[EventDate "2018.??.??"]

1. Nc3 d5 2. d4 Nf6 3. Bg5 Bf5 4. f3 Nbd7 5. Nxd5 Nxd5 6. e4 h6 7. Bd2 e5 8.
exd5 Qh4+ 9. g3 Qxd4 10. Bc3 Qe3+ 11. Qe2 Qxe2+ 12. Nxe2 Bxc2 13. Bh3 Bd6 14.
Kd2 Bg6 15. Rae1 O-O-O 16. Rhf1 Kb8 17. f4 f6 18. Be6 Nb6 19. Kc1 Bc5 20. Rd1
Be3+ 21. Bd2 Nc4 0-1

[Event "NK Senioren en Veteranen 2018"]
[Site "Dieren, Netherlands"]
[Date "2018.07.15"]
[Round "2"]
[White "Van Lanen, Toon"]
[Black "Schouten, Nico"]
[Result "0-1"]
[WhiteElo "2161"]
[BlackElo "2147"]
[PlyCount "21"]
[EventDate "2018.??.??"]

1. e4 e5 2. Nf3 Nc6 3. d4 exd4 4. Nxd4 Bc5 5. Be3 Bb6 6. Nc3 Nf6 7. Bc4 O-O 8.
f3 Re8 9. Bb3 d5 10. Bxd5 Bxd4 11. Bxf7+ 0-1

[Event "NK Senioren en Veteranen 2018"]
[Site "Dieren, Netherlands"]
[Date "2018.07.15"]
[Round "2"]
[White "Van den Berg, Ad"]
[Black "Etmans, Maarten"]
[Result "1-0"]
[WhiteElo "2221"]
[BlackElo "2014"]
[PlyCount "105"]
[EventDate "2018.??.??"]

1. c4 e5 2. g3 Nf6 3. Bg2 Nc6 4. Nc3 Bb4 5. Nd5 Nxd5 6. cxd5 Ne7 7. a3 Bc5 8.
e3 c6 9. b4 Bb6 10. Bb2 d6 11. dxc6 Nxc6 12. Ne2 O-O 13. O-O Re8 14. Nc3 Bf5
15. d3 Qd7 16. Nd5 Bh3 17. Nxb6 Bxg2 18. Kxg2 axb6 19. d4 exd4 20. Bxd4 Nxd4
21. Qxd4 Qc6+ 22. Kg1 Re4 23. b5 Qe8 24. Qxb6 d5 25. a4 Qd7 26. Rfc1 Re6 27.
Qc7 Re7 28. Qxd7 Rxd7 29. Rd1 b6 30. Rd4 f5 31. Rc1 Rad8 32. g4 g6 33. gxf5
gxf5 34. Rc6 Rg7+ 35. Kf1 Rg6 36. Rxg6+ hxg6 37. f3 Kf7 38. Rh4 Kg7 39. Rd4 Kf6
40. Ke2 Ke5 41. Rd2 Ra8 42. f4+ Ke6 43. Rc2 Rxa4 44. Rc6+ Kf7 45. Kd3 Ra2 46.
Rxb6 Rxh2 47. Rc6 Rb2 48. b6 Ke7 49. Rxg6 Kd7 50. Rh6 Rb4 51. Rf6 Ke7 52. Rxf5
Ke6 53. Rh5 1-0

[Event "NK Senioren en Veteranen 2018"]
[Site "Dieren, Netherlands"]
[Date "2018.07.15"]
[Round "2"]
[White "Selten, Jan"]
[Black "Van Rijn, Anton"]
[Result "0-1"]
[WhiteElo "2110"]
[BlackElo "2203"]
[PlyCount "52"]
[EventDate "2018.??.??"]

1. c4 c5 2. Nf3 Nc6 3. d4 cxd4 4. Nxd4 Nf6 5. Nc3 e6 6. Ndb5 d6 7. Bf4 e5 8.
Bg5 a6 9. Na3 Be7 10. e4 O-O 11. Be2 Nxe4 12. Bxe7 Nxc3 13. Bxd8 Nxd1 14. Bc7
Nxb2 15. Bxd6 Rd8 16. c5 b5 17. O-O Nd4 18. Bf3 Nxf3+ 19. gxf3 f6 20. Rab1 Nd3
21. Rb3 Bf5 22. Nb1 Rac8 23. Ra3 Rc6 24. Ra5 Bh3 25. Be7 Rd7 26. Rd1 Nxc5 0-1

[Event "NK Senioren en Veteranen 2018"]
[Site "Dieren, Netherlands"]
[Date "2018.07.15"]
[Round "2"]
[White "Hummel, Joop"]
[Black "Viergever, Max"]
[Result "1/2-1/2"]
[WhiteElo "2019"]
[BlackElo "2033"]
[PlyCount "123"]
[EventDate "2018.??.??"]

1. Nf3 Nf6 2. d4 c5 3. d5 b5 4. Bg5 d6 5. Bxf6 exf6 6. e4 Qb6 7. Nbd2 Be7 8. a4
bxa4 9. Nc4 Qb7 10. Rxa4 Bd7 11. Ra3 O-O 12. Be2 Bb5 13. Nfd2 Nd7 14. f4 Rab8
15. O-O f5 16. Na5 Bxe2 17. Qxe2 Qxb2 18. Ndc4 Qd4+ 19. Kh1 Rb4 20. c3 Qxe4 21.
Qxe4 fxe4 22. cxb4 cxb4 23. Rb3 Nf6 24. Ne3 Bd8 25. Nc6 a5 26. Ra1 Bb6 27. Ne7+
Kh8 28. Nc4 Bc5 29. Nxa5 Re8 30. Nac6 e3 31. Re1 g6 32. g3 Kg7 33. Kg2 Kf8 34.
Kf3 Rxe7 35. Nxe7 Kxe7 36. Rd3 h5 37. h3 Nd7 38. Rdxe3+ Bxe3 39. Kxe3 Nc5 40.
Kd4+ Kf6 41. g4 hxg4 42. hxg4 g5 43. f5 Nd7 44. Rb1 Ne5 45. Rxb4 Nxg4 46. Ke4
Nh6 47. Rb2 Ng4 48. Rg2 Ne5 49. Rh2 Kg7 50. Rh5 f6 51. Rh2 Nd7 52. Kd4 Ne5 53.
Ra2 Kf7 54. Ra7+ Ke8 55. Ra6 Ke7 56. Ke4 Nc4 57. Kf3 Ne5+ 58. Kg3 Nc4 59. Ra7+
Ke8 60. Kf3 Ne5+ 61. Ke4 Nc4 62. Rb7 1/2-1/2

[Event "NK Senioren en Veteranen 2018"]
[Site "Dieren, Netherlands"]
[Date "2018.07.15"]
[Round "2"]
[White "Overeem, Marc"]
[Black "Smeets, Pierre"]
[Result "1/2-1/2"]
[WhiteElo "2198"]
[BlackElo "1930"]
[PlyCount "102"]
[EventDate "2018.??.??"]

1. e4 e6 2. Qe2 c5 3. Nf3 Nc6 4. g3 b6 5. Bg2 Bb7 6. O-O Nf6 7. d3 Be7 8. c4 d6
9. Nc3 O-O 10. Rd1 e5 11. a3 Bc8 12. h3 Ne8 13. Nd5 Nc7 14. b4 Nxd5 15. cxd5
Nb8 16. Be3 Na6 17. Rab1 Nc7 18. bxc5 bxc5 19. Nd2 Ba6 20. Nc4 Nb5 21. Qd2 Nd4
22. Bxd4 cxd4 23. Na5 Qd7 24. f4 f6 25. Rdc1 Bd8 26. Bf1 Bb6 27. Nc6 Rfc8 28.
a4 Bb7 29. a5 Bc5 30. Nb4 Qa4 31. Nc2 Ba6 32. Ra1 Qb3 33. fxe5 fxe5 34. Rcb1
Qc3 35. Qxc3 dxc3+ 36. Kg2 Rab8 37. Be2 Rb2 38. Rxb2 cxb2 39. Rb1 Rf8 40. d4
Bxe2 41. dxc5 Bf3+ 42. Kg1 Rb8 43. c6 Bxe4 44. c7 Rc8 45. Rxb2 Rxc7 46. Ne3 Kf8
47. Rb8+ Ke7 48. Rg8 Kf7 49. Rd8 Ke7 50. Rg8 Kf7 51. Rd8 Ke7 1/2-1/2

[Event "NK Senioren en Veteranen 2018"]
[Site "Dieren, Netherlands"]
[Date "2018.07.15"]
[Round "2"]
[White "Sprinkhuizen, Arno"]
[Black "Goris, Ton"]
[Result "1/2-1/2"]
[WhiteElo "2014"]
[BlackElo "1916"]
[PlyCount "57"]
[EventDate "2018.??.??"]

1. e4 e6 2. d4 d5 3. e5 c5 4. c3 Nc6 5. Nf3 Qb6 6. a3 c4 7. g3 f6 8. exf6 Nxf6
9. Bh3 Bd6 10. O-O O-O 11. Qe2 e5 12. Bxc8 Raxc8 13. dxe5 Nxe5 14. Nxe5 Rce8
15. Nxc4 Rxe2 16. Nxb6 axb6 17. b4 Ng4 18. f4 Nxh2 19. Rd1 Rf5 20. Nd2 g5 21.
Nc4 Bc7 22. Ne3 Rf7 23. Nxd5 gxf4 24. Bxf4 Bxf4 25. Nxf4 Rc2 26. Rdc1 Nf3+ 27.
Kf1 Nh2+ 28. Kg1 Nf3+ 29. Kf1 1/2-1/2

[Event "NK Senioren en Veteranen 2018"]
[Site "Dieren, Netherlands"]
[Date "2018.07.15"]
[Round "2"]
[White "Erwich, Frans"]
[Black "Jonkman, Fokke"]
[Result "0-1"]
[WhiteElo "1925"]
[BlackElo "1964"]
[PlyCount "100"]
[EventDate "2018.??.??"]

1. e4 c5 2. Nf3 g6 3. d4 cxd4 4. Qxd4 Nf6 5. e5 Nc6 6. Qa4 Nd5 7. Qe4 Nc7 8.
Bf4 Bg7 9. Nc3 Ne6 10. Bg3 f5 11. exf6 Bxf6 12. Bc4 Qa5 13. O-O Bxc3 14. bxc3
Qf5 15. Qe3 d5 16. Bd3 Qf7 17. Ne5 Nxe5 18. Bxe5 O-O 19. Rae1 Nd8 20. f4 Bf5
21. Bd4 Nc6 22. Bb5 Nxd4 23. cxd4 e6 24. Ba4 Rac8 25. Qe2 h5 26. Rf2 Rc3 27.
Qe5 Qc7 28. Qxc7 Rxc7 29. Bb3 Rfc8 30. Rfe2 Kf7 31. Kf2 b5 32. a4 bxa4 33. Bxa4
Rb8 34. Bb3 Rb4 35. Rd2 a5 36. Ra1 Ra7 37. Ra4 h4 38. Kf3 Rxa4 39. Bxa4 Rc7 40.
Bb3 Rc3+ 41. Kf2 Kf6 42. Re2 Be4 43. Re1 Kf5 44. Ra1 Kxf4 45. Rxa5 Bxc2 46. g3+
hxg3+ 47. hxg3+ Ke4 48. Ba4 Kxd4 49. Be8 Be4 50. g4 Rf3+ 0-1

[Event "NK Senioren en Veteranen 2018"]
[Site "Dieren, Netherlands"]
[Date "2018.07.16"]
[Round "3"]
[White "Vogel, Jaap"]
[Black "Schouten, Nico"]
[Result "1/2-1/2"]
[WhiteElo "2172"]
[BlackElo "2147"]
[PlyCount "25"]
[EventDate "2018.??.??"]

1. d4 Nf6 2. Nf3 g6 3. g3 Bg7 4. Bg2 O-O 5. O-O d6 6. c4 Na6 7. Nc3 c5 8. b3 d5
9. cxd5 Nxd5 10. Nxd5 Qxd5 11. Bb2 Qh5 12. Ne5 Bh3 13. Bxh3 1/2-1/2

[Event "NK Senioren en Veteranen 2018"]
[Site "Dieren, Netherlands"]
[Date "2018.07.16"]
[Round "3"]
[White "Van Rijn, Anton"]
[Black "Van den Berg, Ad"]
[Result "1/2-1/2"]
[WhiteElo "2203"]
[BlackElo "2221"]
[PlyCount "35"]
[EventDate "2018.??.??"]

1. Nf3 c5 2. g3 g6 3. Bg2 Bg7 4. c4 Nc6 5. O-O e5 6. Nc3 Nge7 7. d3 O-O 8. Bg5
h6 9. Bd2 d6 10. a3 a5 11. Ne1 Rb8 12. Rb1 Be6 13. Nc2 d5 14. cxd5 Nxd5 15.
Nxd5 Bxd5 16. Bxd5 Qxd5 17. Qc1 Kh7 18. Ne3 1/2-1/2

[Event "NK Senioren en Veteranen 2018"]
[Site "Dieren, Netherlands"]
[Date "2018.07.16"]
[Round "3"]
[White "Viergever, Max"]
[Black "Van Lanen, Toon"]
[Result "0-1"]
[WhiteElo "2033"]
[BlackElo "2161"]
[PlyCount "84"]
[EventDate "2018.??.??"]

1. e4 c5 2. c3 Nf6 3. e5 Nd5 4. Nf3 e6 5. d4 d6 6. dxc5 dxc5 7. c4 Nb4 8. Qxd8+
Kxd8 9. Na3 h6 10. Be2 a6 11. O-O Kc7 12. h4 N8c6 13. Bd2 Bd7 14. Rfc1 Be7 15.
Nc2 Nxc2 16. Rxc2 Rhd8 17. Bc3 Be8 18. Rd1 Rxd1+ 19. Bxd1 b5 20. b3 b4 21. Bb2
Rd8 22. Be2 a5 23. g3 a4 24. Kg2 axb3 25. axb3 Na5 26. Nd2 Nxb3 27. Nxb3 Ba4
28. Rd2 Bxb3 29. Rxd8 Bxd8 30. Kf3 Bc2 31. Ke3 Kb6 32. Kd2 Be4 33. Ke3 Bb7 34.
Kd3 Ka5 35. Bd1 Bc6 36. Bc1 Ba4 37. Bf3 Kb6 38. Bh5 g6 39. Be2 h5 40. Bf3 Bb3
41. Be4 Ba2 42. Kc2 Bxc4 0-1

[Event "NK Senioren en Veteranen 2018"]
[Site "Dieren, Netherlands"]
[Date "2018.07.16"]
[Round "3"]
[White "Etmans, Maarten"]
[Black "Perrenet, Jacob"]
[Result "0-1"]
[WhiteElo "2014"]
[BlackElo "2043"]
[PlyCount "70"]
[EventDate "2018.??.??"]

1. b3 d5 2. Bb2 c5 3. e3 Nf6 4. Nf3 Nc6 5. Bb5 Bd7 6. O-O e6 7. d3 Be7 8. Nbd2
O-O 9. c4 a6 10. Ba4 b5 11. cxb5 Nb4 12. bxa6 Bxa4 13. bxa4 Nxd3 14. Bc3 Qc8
15. a5 Qxa6 16. Qc2 Rfb8 17. a3 Nd7 18. Rfd1 Bf6 19. Bxf6 Nxf6 20. Rdb1 Rxb1+
21. Rxb1 c4 22. Qc3 h6 23. Ne5 Nxe5 24. Qxe5 Qxa5 25. Rb8+ Kh7 26. Rxa8 Qxa8
27. Qc3 Qa4 28. f3 Nd7 29. Kf2 Qd1 30. Qb4 Ne5 31. Kg3 Qe1+ 32. Kh3 Qxe3 33. a4
g5 34. a5 g4+ 35. Kg3 Qe1+ 0-1

[Event "NK Senioren en Veteranen 2018"]
[Site "Dieren, Netherlands"]
[Date "2018.07.16"]
[Round "3"]
[White "Smeets, Pierre"]
[Black "Hummel, Joop"]
[Result "0-1"]
[WhiteElo "1930"]
[BlackElo "2019"]
[PlyCount "74"]
[EventDate "2018.??.??"]

1. d4 d5 2. Nf3 Nf6 3. Bg5 e6 4. e3 Be7 5. Nbd2 O-O 6. c3 Nbd7 7. Bd3 b6 8. Qb1
c5 9. Ne5 Nxe5 10. dxe5 Nd7 11. Bxh7+ Kh8 12. Bf4 g6 13. Bxg6 fxg6 14. Qxg6 Qe8
15. Qh6+ Kg8 16. Qxe6+ Qf7 17. Qxf7+ Kxf7 18. Nf3 Rg8 19. h4 Rxg2 20. Ng5+ Bxg5
21. hxg5 Ba6 22. Rd1 Nf8 23. Rxd5 Bb7 24. Rd6 Rxf2 25. Rhh6 Rg2 26. e6+ Ke7 27.
Rf6 Rg1+ 28. Kf2 Rg2+ 29. Kf1 Be4 30. Rf7+ Ke8 31. Rg7 Rxb2 32. e7 Ng6 33. Re6
Bd3+ 34. Ke1 Nh4 35. Rg8+ Kf7 36. Rf8+ Kxe6 37. e8=Q+ Rxe8 0-1

[Event "NK Senioren en Veteranen 2018"]
[Site "Dieren, Netherlands"]
[Date "2018.07.16"]
[Round "3"]
[White "Jonkman, Fokke"]
[Black "Selten, Jan"]
[Result "1-0"]
[WhiteElo "1964"]
[BlackElo "2110"]
[PlyCount "43"]
[EventDate "2018.??.??"]

1. c4 e5 2. Nc3 Nf6 3. Nf3 Nc6 4. e4 Bc5 5. Nxe5 Nxe5 6. d4 Bxd4 7. Qxd4 Nc6 8.
Qd2 d6 9. Be2 Qe7 10. f3 Be6 11. Nd5 Bxd5 12. cxd5 Ne5 13. O-O O-O 14. b3 Nfd7
15. Bb2 f5 16. f4 Ng4 17. Qd4 Qf6 18. Bf3 Rae8 19. Rae1 Qh6 20. h3 Ngf6 21.
exf5 Nh5 22. Bxh5 1-0

[Event "NK Senioren en Veteranen 2018"]
[Site "Dieren, Netherlands"]
[Date "2018.07.16"]
[Round "3"]
[White "Goris, Ton"]
[Black "Overeem, Marc"]
[Result "0-1"]
[WhiteElo "1916"]
[BlackElo "2198"]
[PlyCount "56"]
[EventDate "2018.??.??"]

1. e4 c5 2. c3 d5 3. exd5 Qxd5 4. d4 Nc6 5. Nf3 Bf5 6. dxc5 Qxd1+ 7. Kxd1 e5 8.
b4 a5 9. Bb5 Nge7 10. Ke1 f6 11. Bb2 Nd5 12. Bc4 Nf4 13. g3 Nd3+ 14. Bxd3 Bxd3
15. a3 g6 16. Nbd2 Bh6 17. h4 Ke7 18. g4 Bf4 19. Rh3 Rhd8 20. Nf1 e4 21. Nd4
Nxd4 22. cxd4 axb4 23. a4 h5 24. g5 fxg5 25. hxg5 Bxg5 26. Rg3 Bh4 27. Rxg6 e3
28. Rg7+ Kf8 0-1

[Event "NK Senioren en Veteranen 2018"]
[Site "Dieren, Netherlands"]
[Date "2018.07.16"]
[Round "3"]
[White "Erwich, Frans"]
[Black "Sprinkhuizen, Arno"]
[Result "0-1"]
[WhiteElo "1925"]
[BlackElo "2014"]
[PlyCount "72"]
[EventDate "2018.??.??"]

1. e4 c5 2. Nf3 d6 3. d4 cxd4 4. Nxd4 Nf6 5. Nc3 a6 6. h3 e6 7. Be3 Be7 8. g4
O-O 9. g5 Nfd7 10. h4 Nc6 11. Qd2 Nde5 12. Be2 Na5 13. b3 Bd7 14. f4 Nec6 15.
h5 Rc8 16. Nf3 b5 17. O-O-O Nb4 18. Kb2 Nxc2 19. Qxc2 b4 20. Bd4 Nc6 21. Bxg7
Kxg7 22. Bxa6 Nd4 23. Nxd4 Rxc3 24. Qe2 Qa5 25. Bc4 Ra8 26. Kb1 d5 27. exd5
exd5 28. Bxd5 Qxd5 29. Qxe7 Bf5+ 30. Nxf5+ Qxf5+ 31. Ka1 Rxa2+ 32. Kxa2 Qa5+
33. Kb1 Rxb3+ 34. Kc1 Qa1+ 35. Kd2 Qc3+ 36. Ke2 Rb2+ 0-1

[Event "NK Senioren en Veteranen 2018"]
[Site "Dieren, Netherlands"]
[Date "2018.07.17"]
[Round "4"]
[White "Van Lanen, Toon"]
[Black "Vogel, Jaap"]
[Result "1-0"]
[WhiteElo "2161"]
[BlackElo "2172"]
[PlyCount "89"]
[EventDate "2018.??.??"]

1. e4 e6 2. d4 d5 3. Nd2 Nf6 4. e5 Nfd7 5. c3 c5 6. Bd3 Nc6 7. Ne2 cxd4 8. cxd4
f6 9. exf6 Nxf6 10. O-O Bd6 11. Nf3 Qc7 12. g3 O-O 13. Bf4 Ng4 14. Qd2 e5 15.
dxe5 Ngxe5 16. Nxe5 Nxe5 17. Kg2 Qd7 18. f3 Nxd3 19. Qxd3 Bxf4 20. Nxf4 Rxf4
21. gxf4 Qh3+ 22. Kh1 Be6 23. Rae1 Rf8 24. f5 Bxf5 25. Qxd5+ Kh8 26. Qxb7 h6
27. Rf2 Bg4 28. Ref1 Bh5 29. b4 Kh7 30. Qe4+ Kh8 31. a4 Re8 32. Qd3 Qh4 33. Qc3
Qf4 34. Qc5 Re5 35. Qc7 Qd4 36. b5 Re3 37. Qc8+ Kh7 38. Qf5+ Bg6 39. Qg4 Qd3
40. Rg1 Re7 41. Rfg2 Bf5 42. Qxg7+ Rxg7 43. Rxg7+ Kh8 44. Rg8+ Kh7 45. R1g7#
1-0

[Event "NK Senioren en Veteranen 2018"]
[Site "Dieren, Netherlands"]
[Date "2018.07.17"]
[Round "4"]
[White "Schouten, Nico"]
[Black "Van Rijn, Anton"]
[Result "0-1"]
[WhiteElo "2147"]
[BlackElo "2203"]
[PlyCount "120"]
[EventDate "2018.??.??"]

1. d4 d6 2. Nf3 g6 3. c4 Bg7 4. Nc3 e5 5. e3 Nc6 6. Be2 Nh6 7. dxe5 dxe5 8.
Qxd8+ Nxd8 9. Bd2 Ne6 10. O-O O-O 11. Rad1 Re8 12. Bc1 f6 13. b3 Bf8 14. Bb2
Nf7 15. Rd2 Kg7 16. Rfd1 Rd8 17. Rxd8 Nexd8 18. Ne1 Ne6 19. Nc2 c6 20. g3 Be7
21. Ne4 Nf8 22. Ne1 a5 23. Nc3 Be6 24. Na4 Nd7 25. Bc3 Nd6 26. Nd3 Ne4 27. Be1
Kf7 28. Ndb2 Ba3 29. Nd3 Ke7 30. Nc3 Nec5 31. Nxc5 Nxc5 32. Rb1 Bf5 33. Rd1 a4
34. bxa4 Nxa4 35. Nxa4 Rxa4 36. Bd3 Bxd3 37. Rxd3 Bc5 38. Rb3 b6 39. a3 Rxc4
40. Bb4 Bxb4 41. axb4 e4 42. g4 Ke6 43. Kg2 Rc2 44. Kg3 g5 45. h3 Kd5 46. f3
Kc4 47. Rb1 Rc3 48. Kf2 Rb3 49. Rc1+ Kb5 50. fxe4 Rxb4 51. Kf3 c5 52. Rd1 c4
53. e5 fxe5 54. Ke4 c3+ 55. Kxe5 c2 56. Rc1 Rc4 57. Kf6 Kb4 58. Kxg5 Kc3 59.
Kh6 Rc7 60. g5 b5 0-1

[Event "NK Senioren en Veteranen 2018"]
[Site "Dieren, Netherlands"]
[Date "2018.07.17"]
[Round "4"]
[White "Van den Berg, Ad"]
[Black "Hummel, Joop"]
[Result "1-0"]
[WhiteElo "2221"]
[BlackElo "2019"]
[PlyCount "55"]
[EventDate "2018.??.??"]

1. e4 c5 2. Nc3 e6 3. Nf3 d6 4. g3 Nc6 5. Bg2 g6 6. d4 Bg7 7. dxc5 Qa5 8. cxd6
Bxc3+ 9. bxc3 Nf6 10. O-O Nxe4 11. Nd4 f5 12. Bxe4 fxe4 13. Nxc6 bxc6 14. Qd4
O-O 15. c4 e5 16. Qxe4 Bf5 17. Qxc6 Rac8 18. Qb7 Rf7 19. Qb5 Qc3 20. Rb1 Qf3
21. Ra1 Qc3 22. Bb2 Qf3 23. Qxe5 Rb7 24. Qh8+ Kf7 25. Qg7+ Ke6 26. d7 Rcb8 27.
Rfe1+ Kd6 28. Rad1+ 1-0

[Event "NK Senioren en Veteranen 2018"]
[Site "Dieren, Netherlands"]
[Date "2018.07.17"]
[Round "4"]
[White "Perrenet, Jacob"]
[Black "Jonkman, Fokke"]
[Result "1/2-1/2"]
[WhiteElo "2043"]
[BlackElo "1964"]
[PlyCount "134"]
[EventDate "2018.??.??"]

1. Nc3 c5 2. Nf3 g6 3. e4 Bg7 4. Bc4 Nc6 5. O-O e6 6. d3 Nge7 7. Bf4 d5 8. Bb3
O-O 9. Qd2 d4 10. Ne2 e5 11. Bh6 Bg4 12. Bxg7 (12. Nxe5) 12... Kxg7 13. Ng5 h6
14. f3 Bd7 15. Nxf7 Rxf7 16. Bxf7 Kxf7 17. Qxh6 Qh8 18. Qg5 Qh5 19. Qxh5 gxh5
20. f4 Kg7 21. f5 Kf6 22. a3 a5 23. h3 b6 24. Kf2 Rg8 25. Rg1 Be8 26. g3 Rg7
27. Rg2 Ng8 28. Ng1 Nh6 29. Nf3 Nd8 30. Rag1 Ndf7 31. b4 cxb4 32. axb4 a4 33.
c4 dxc3 34. Rc1 Nd6 35. Rxc3 Nb5 36. Rc8 Bd7 37. Rb8 Nf7 38. Rxb6+ Nbd6 39. Ke3
Ke7 40. g4 hxg4 41. Rxg4 Rh7 42. h4 Rh8 43. Ra6 Rb8 44. Ra5 Rxb4 45. Nxe5 Nxe5
46. Rxe5+ Kd8 47. Rg8+ Kc7 48. h5 Rb3 49. Rd5 a3 50. Rg1 a2 51. Ra1 Ra3 52.
Rc5+ Bc6 53. h6 Kb6 54. Rc2 Bxe4 55. Rcxa2 Rxd3+ 56. Kf4 Rf3+ 57. Ke5 Kc7 58.
Ra7+ Bb7 59. h7 Rxf5+ 60. Ke6 Rh5 61. Rc1+ Kb8 62. Raa1 Nc8 63. Rc3 Rxh7 64.
Rb1 Re7+ 65. Kf6 Re4 66. Rcb3 Nd6 67. Rb4 Re2 1/2-1/2